000
00330nam a22001457a 4500
005
20160625145602.0
008
160625b xxu||||| |||| 00| 0 eng d
041
_a
eng
082
_b
10111
245
_a
India, A Sound Business Proposition
260
_b
Assocham
_c
1994
300
_a
87
650
_a
Management
_9
241
942
_c
BK
999
_c
4053
_d
4052